| 000 | 02233nam a22003137a 4500 | ||
|---|---|---|---|
| 003 | OSt | ||
| 005 | 20210222112213.0 | ||
| 008 | 210222s2005 ck ||||gr|||| 00| 0dspa d | ||
| 020 | _a9589788255333 | ||
| 040 |
_aCO-JMCR _cCO-JMCR |
||
| 041 | 0 | _aspa | |
| 082 | 0 | 4 |
_a340.11 / _bC227o _223 |
| 100 | 1 |
_aCano Jaramillo, Carlos Arturo, _eautor _913756 |
|
| 245 | 1 | 0 |
_aOralidad, debate y argumentación : _boratoria forense, estructura de los alegatos, exordio, narración, demostración, argumentación, refutación, conclusiones / _cCarlos Arturo Cano Jaramillo |
| 250 | _a1a. edición | ||
| 260 |
_aBogotá : _bGrupo Editorial Ibáñez, _c2005 |
||
| 300 |
_a374 páginas ; _c24 cm. |
||
| 500 | _aIncluye notas a pie de página y datos biográficos del autor. | ||
| 504 | _aBibliografía: páginas 369-374 | ||
| 505 | 0 | _aMarco político y ético del sistema procesal acusatorio -- El debate oral -- La comunicación en la actuación procesal -- Pasos para elaborar el discurso -- Organización y estructura del discurso -- Exordio o introducción -- Narración, descripción y reconstrucción de los hechos -- La prueba de los hechos -- La argumentación -- Refutación -- Conclusiones o epílogo -- La expresión el lenguaje y el estilo -- La memoria y el diseño de ayudas audiovisuales -- La práctica del discurso -- La pronunciación del discurso -- | |
| 520 | 3 | _aSe reformó la Carta para poner en funcionamiento un sistema procesal penal acusatorio. El juicio es público, oral, con inmediación de las pruebas, contradictorio, concentrado y garantista. Hay argumentación entre las partes en condiciones materiales de igualdad. Las peticiones, los alegatos, la práctica de las pruebas, el debate en el juicio, la sustentación de los recursos y las decisiones se toman en audiencias públicas que requieren de la palabra hablada de la oratoria forense. El cambio cultural es político, ético, jurídico y comunicativo. | |
| 650 | 1 | 4 |
_aDerecho _xmetodología _913757 |
| 650 | 2 | 4 |
_aRedacción de textos jurídicos _vmanuales _913758 |
| 650 | 2 | 4 |
_aAlegatos (Derecho) _913759 |
| 650 | 2 | 4 |
_aOratoria forense _913760 |
| 650 | 2 | 4 |
_aArgumentación jurídica _99824 |
| 650 | 2 | 4 |
_aTeoría del derecho _97948 |
| 942 |
_2ddc _cBK |
||
| 999 |
_c7273 _d7273 |
||